01804nab a2200217uuc4500001000800000005001700008008004100025035001200066035002100078040001300099041000800112100003400120245010900154520107000263650003901333650003101372700004001403773011401443942001001557999001901567124412820240202102422.0110602e20101231 eng  a1244128 a(OCoLC)820585614 ccomduadb aeng10aAvila, Raul4auteaut924122410aEffects of free-food and continuous reinforcement schedule presentation on lever presing for fod by rats3 aSe expuso a seis ratas privadas de comida a un procedimiento en el cual las presiones a una palanca resultaron en la entrega de una bolita de comida en la presencia o ausencia de comida disponible. Aún cuando se observó la frecuencia más alta de presiones a la palanca durante la condición en la cual se reforzó cada presión en la ausencia de comida disponible, las seis ratas continuaron presionando la palanca cuando había comida disponible. Cuando se reforzaron las presiones a la palanca o éstas ocurrieron sin consecuencia alguna, las ratas consumieron aproximadamente la misma cantidad de comida cuando ésta estuvo disponible. Cuando se reforzó cada presión a la palanca en la presencia de la comida libre, las aproximaciones a la charola (y el consumo de esta comida) disminuyeron del principio al final de la sesión, mientras que las presiones a la palanca aumentaron gradualmente conforme transcurrió la sesión. Los cambios intra sesión de la conducta se interpretaron en términos de la saciedad de la conducta consumatoria. aReforzamiento (Psicología)94423 aRatas - Experimentos9538610aMiranda, Patricia4auteaut95296160 tSuma Psicológica (Bogotá)gVolumen 17, Número 02, Diciembre 2010, p. 125-134w614549x0121-43810180134 cARIMP c587598d587598